Drug Therapy in Nursing (Record no. 15641)

MARC details
000 -LEADER
fixed length control field 00544nam a22001697a 4500
008 - FIXED-LENGTH DATA ELEMENTS--GENERAL INFORMATION
fixed length control field 160211b xxu||||| |||| 00| 0 eng d
020 ## - INTERNATIONAL STANDARD BOOK NUMBER
International Standard Book Number 1608311514
100 ## - MAIN ENTRY--PERSONAL NAME
Personal name Aschenbrenner Diane S.
245 ## - TITLE STATEMENT
Title Drug Therapy in Nursing
250 ## - EDITION STATEMENT
Edition statement 4th ed.
260 ## - PUBLICATION, DISTRIBUTION, ETC. (IMPRINT)
Place of publication, distribution, etc. China
Name of publisher, distributor, etc. Lippincottb Williams and Wilkins
Date of publication, distribution, etc. 2012
300 ## - PHYSICAL DESCRIPTION
Extent xvii, 1346p.
Other physical details ill.
650 ## - SUBJECT ADDED ENTRY--TOPICAL TERM
Topical term or geographic name as entry element Drug Therapy
Form subdivision Nurses' Instructions
650 ## - SUBJECT ADDED ENTRY--TOPICAL TERM
Topical term or geographic name as entry element Pharmaceutical Preparations
Form subdivision Nurses
700 ## - ADDED ENTRY--PERSONAL NAME
Personal name Samantha J. Venable
942 ## - ADDED ENTRY ELEMENTS (KOHA)
Source of classification or shelving scheme Library of Congress Classification
Koha item type General Collection
Edition 4th Ed.
Classification part RM125
Call number prefix .A83 2012 C.2
Holdings
Withdrawn status Lost status Source of classification or shelving scheme Not for loan Home library Current library Shelving location Date acquired Cost, normal purchase price Total Checkouts Total Renewals Full call number Barcode Date last seen Date last checked out Copy number Price effective from Koha item type
    Library of Congress Classification   Kabarak, Main Campus Kabarak, Main Campus General Stacks 11/02/2016 9188.40 17 2 RM 125 .A83 2012 C.1 016604 05/11/2019 15/10/2019 C.1 11/02/2016 General Collection
Designed with assistance from East African Informatics Ltd